| 000 | 01091nam a2200229Ia 4500 | ||
|---|---|---|---|
| 999 |
_c39580 _d39580 |
||
| 001 | 6179 | ||
| 003 | GE_BSU | ||
| 005 | 20190604150203.0 | ||
| 008 | 181216s1987||||ge |||||||||||||| ||geo|| | ||
| 040 | _cGE_BSU | ||
| 041 | _ageo | ||
| 080 | _a004.42(075.8) გ-58 | ||
| 100 |
_aგოთოშია, მ. _91820 |
||
| 245 |
_aპროგრამირება ბეისიკზე და რიცხვითი ანალიზის ელემენტები : _bდამხ.სახელმძღ. / _cმ. გოთოშია ; რედ. მ. ძიძიგური |
||
| 264 |
_aთბილისი : _bსპი, _c1987. |
||
| 300 |
_a80 გვ. ; _c20 სმ. |
||
| 504 | _aბიბლიოგრ. : გვ.78. | ||
| 653 | _aპროგრამირება ბეისიკზე და რიცხვითი ანალიზის ელემენტები | ||
| 653 | _aპროგრამირება ბეისიკზე | ||
| 700 |
_aძიძიგური, მ. _eრედაქტორი _9472 |
||
| 942 |
_cBK _2udc |
||